| 000 | 01125nam2a22002291 4500 | ||
|---|---|---|---|
| 001 | RU\NLR\A1SV\108523 | ||
| 005 | 20251203152403.2 | ||
| 035 | _a(NLR Aleph) 009789876 | ||
| 090 |
_a13486773 _c13486773 |
||
| 100 | _a20101103d1927 u y0rusy50 ca | ||
| 101 | 0 | _arus | |
| 200 | 1 |
_aГрешница _d(La pécheresse) _eПовесть о любви _fПер. и предисл. М.Лозинского |
|
| 210 | _d1927 | ||
| 215 | _a373 с. | ||
| 461 | 1 |
_1001RU\NLR\A1SV\108510 _12000#$aСобрание сочинений Анри де Ренье$eВ 17 [19!] т.$eПер. с фр.$fАнри де Ренье$gПод общ. ред. М.А.Кузмина, А.А.Смирнова и Фед. Сологуба$v17 _1700#1$aРенье$bА. де$f1864-1936$gАнри де _910131863 _aРенье, А. де (1864-1936) _cЛ. _d1923-1927 _fАнри де Ренье _nAcademia _oВ 17 [19!] т. : Пер. с фр. _tСобрание сочинений Анри де Ренье _v17 |
|
| 801 | 0 |
_aRU _bNLR _c20101103 |
|
| 852 |
_aNLR _j17.122.3.4(17) |
||
| 852 |
_aNLR _jЛ60 В-1/44(17) |
||
| 942 | _cBOOK | ||
| 980 | _aA1SV | ||
| 980 | _aNB | ||